| 000 | 00643nam a2200193 a 4500 | ||
|---|---|---|---|
| 001 | 000024380 | ||
| 005 | 20200930022947.0 | ||
| 008 | 110126s1960 xxuabd r 001 0 eng d | ||
| 040 |
_aDO-SdBNP _bspa _cBNPHU |
||
| 082 |
_axxxxx _bS749a |
||
| 100 | 1 |
_aSperling, Abraham P. _949995 |
|
| 245 | 1 | 0 |
_aArithmetic made simple / _cAbraham P. Sperling , Samuel D. Levison. |
| 260 |
_aNew York : _bMade Simple Books Doubleday & Company, _c1960. |
||
| 300 |
_a160 p. : _bil., mapas., diag. ; _c25 cm. |
||
| 500 | _aIncluye índice alfabético. | ||
| 500 | _aIncluye notas al pie de las páginas. | ||
| 700 | 1 |
_aLevison, Samuel D. _949996 |
|
| 049 | _aBNGR | ||
| 999 |
_c23873 _d23873 |
||